Cities of the U.S with populations over 250.000 on a map - Statistics

General Stats
  • This quiz has been taken 103 times
  • The average score is 72 of 89
Answers on the Map
Answers color-coded by a green-red scale on the quiz's map according to % correct below.
 
Answer Stats
Answer % Correct
San Francisco
98%
Seattle
98%
Boston
97%
Chicago
97%
Dallas
97%
Denver
97%
Detroit
97%
Honolulu
97%
Indianapolis
97%
Las Vegas
97%
New York
97%
Philadelphia
97%
San Antonio
97%
San Diego
97%
Anchorage
95%
Atlanta
95%
Austin
95%
Houston
95%
Kansas City
95%
Los Angeles
95%
Memphis
95%
Miami
95%
New Orleans
95%
Orlando
95%
Portland
95%
Baltimore
94%
Charlotte
94%
Columbus
94%
El Paso
94%
Jacksonville
94%
Minneapolis
94%
Nashville
94%
Oklahoma City
94%
Phoenix
94%
Sacramento
94%
San Jose
94%
Tampa
94%
Washington
94%
Albuquerque
92%
Colorado Springs
92%
Fort Worth
91%
Omaha
91%
Pittsburgh
91%
Buffalo
89%
Cincinnati
89%
Cleveland
89%
Louisville
89%
St. Louis
89%
Tucson
89%
Virginia Beach
88%
Milwaukee
86%
Raleigh
86%
Reno
86%
Tulsa
85%
Oakland
83%
Lincoln
82%
Saint Paul
82%
Fresno
80%
Wichita
77%
Corpus Christi
74%
Jersey City
73%
Newark
73%
Lexington
71%
Anaheim
70%
Mesa
70%
Bakersfield
68%
Greensboro
68%
Toledo
67%
St. Petersburg
65%
Long Beach
64%
Madison
64%
North Las Vegas
62%
Aurora
59%
Arlington
58%
Santa Ana
58%
Fort Wayne
56%
Henderson
56%
Stockton
56%
Laredo
55%
Riverside
52%
Scottsdale
52%
Durham
50%
Glendale
50%
Lubbock
50%
Plano
42%
Chula Vista
39%
Irvine
39%
Chandler
36%
Gilbert
33%
No matching quizzes found
Score Distribution
Percent of People with Each Score
Percentile by Number Answered
Your Score History
You have not taken this quiz